Rubens (Record no. 4916)

MARC details
000 -CABECERA
campo de control de longitud fija 00648nam a2200217 a 4500
001 - NÚMERO DE CONTROL
campo de control BRCA_5222
005 - FECHA Y HORA DE LA ÚLTIMA TRANSACCIÓN
campo de control 20190320205005.0
008 - DATOS DE LONGITUD FIJA--INFORMACIÓN GENERAL
campo de control de longitud fija 261110s1939----enka######---#000-0#eng-#
041 ## - CÓDIGO DE LENGUA
Código de lengua del texto/banda sonora o título independiente eng
044 ## - CÓDIGO DEL PAÍS DE LA ENTIDAD EDITORA/PRODUCTORA
Código MARC del país enk
050 #4 - SIGNATURA TOPOGRÁFICA DE LA BIBLIOTECA DEL CONGRESO
Número de clasificación ND673.R8
Número de documento/Ítem .R83 1939
245 10 - MENCIÓN DE TÍTULO
Título Rubens
Resto del título paintings and drawings.
260 ## - PUBLICACIÓN, DISTRIBUCIÓN, ETC.
Lugar de publicación, distribución, etc. Gran Bretaña
Nombre del editor, distribuidor, etc. Phaidon
Fecha de publicación, distribución, etc. 1939
300 ## - DESCRIPCIÓN FÍSICA
Extensión 302 p.
Otras características físicas il. (algunas a color), 232 láminas
Dimensiones 27 cm.
500 ## - NOTA GENERAL
Nota general Incluye tabla cronológica de la vida de Rubens
500 ## - NOTA GENERAL
Nota general E56
504 ## - NOTA DE BIBLIOGRAFÍA, ETC.
Nota de bibliografía, etc. Incluye referencias bibliográficas e índice
600 14 - PUNTO DE ACCESO ADICIONAL DE MATERIA--NOMBRE DE PERSONA
Nombre de persona Rubens, Peter Paul
Fechas asociadas al nombre 1577-1640
Subdivisión de forma Catálogos
9 (RLIN) 13374
902 ## - CATALOGADOR
Iniciales GFM
942 ## - ELEMENTOS DE PUNTO DE ACCESO ADICIONAL (KOHA)
Fuente del sistema de clasificación o colocación Library of Congress Classification
Tipo de ítem Koha Libros
Holdings
Estado de retiro Estado de pérdida Estado dañado No para préstamo Localización permanente Ubicación/localización actual Fecha de adquisición Número de inventario Total de préstamos Signatura topográfica completa Código de barras Fecha visto por última vez Precio válido a partir de Tipo de ítem Koha
El ejemplar forma parte de la colección y puede ser consultado según las políticas vigentes.       Biblioteca del Museo Franz Mayer (Rogerio Casas-Alatriste) Biblioteca del Museo Franz Mayer (Rogerio Casas-Alatriste) 26/11/2010 E56   ND673.R8 .R83 1939 (E56) 5657 22/03/2019 22/03/2019 Libros